Recent writings on administrative law (Record no. 79996)

MARC details
000 -LEADER
fixed length control field 00656nam a2200157 a 4500
008 - FIXED-LENGTH DATA ELEMENTS--GENERAL INFORMATION
fixed length control field 120416nuuuuuuuu||||||||||||||||| || u
050 ## - LIBRARY OF CONGRESS CALL NUMBER
Classification number JF 1571 Rec
245 00 - TITLE STATEMENT
Title Recent writings on administrative law
260 ## - PUBLICATION, DISTRIBUTION, ETC.
Place of publication, distribution, etc. Lusaka
Name of publisher, distributor, etc. UNZA
Date of publication, distribution, etc. (nd)
300 ## - PHYSICAL DESCRIPTION
Extent 475p.
350 ## -
-- 0.00
650 ## - SUBJECT ADDED ENTRY--TOPICAL TERM
Topical term or geographic name entry element ADMINISTRATIVE LAW
650 ## - SUBJECT ADDED ENTRY--TOPICAL TERM
Topical term or geographic name entry element ADMINISTRATION
995 ## -
-- ANNEX COLLECTION (Main Library)
-- 0.00
-- 703730
-- CBU-MAIN LIBRARY (Kitwe)
-- 2
-- 0.00
-- JF 1571 Rec
-- 2
-- AVAILABLE
-- 007585
-- Annex Low-Usage Collection
995 ## -
-- ANNEX COLLECTION (Main Library)
-- 0.00
-- 703729
-- CBU-MAIN LIBRARY (Kitwe)
-- 1
-- 0.00
-- JF 1571 Rec
-- 1
-- AVAILABLE
-- 007584
-- Annex Low-Usage Collection
999 ## -
-- 79996
-- 79996
Holdings
Withdrawn status Lost status Source of classification or shelving scheme Damaged status Not for loan Permanent Location Current Location Shelving location Date acquired Total Checkouts Full call number Barcode Date last seen Copy number Price effective from Koha item type
          CBU-MAIN LIBRARY, KITWE. CBU-MAIN LIBRARY, KITWE.   06/29/2023   JF 1571 Rec 007585 06/29/2023 1 06/29/2023 MONOGRAPH
          CBU-MAIN LIBRARY, KITWE. CBU-MAIN LIBRARY, KITWE.   06/29/2023   JF 1571 Rec 007584 06/29/2023 2 06/29/2023 MONOGRAPH